<?xml version="1.0" encoding="UTF-8"?><?xml-stylesheet type="text/xsl" href="static/style.xsl"?><OAI-PMH xmlns="http://www.openarchives.org/OAI/2.0/" xmlns:xsi="http://www.w3.org/2001/XMLSchema-instance" xsi:schemaLocation="http://www.openarchives.org/OAI/2.0/ http://www.openarchives.org/OAI/2.0/OAI-PMH.xsd"><responseDate>2026-04-18T04:16:41Z</responseDate><request verb="GetRecord" identifier="oai:www.recercat.cat:20.500.12327/422" metadataPrefix="marc">https://recercat.cat/oai/request</request><GetRecord><record><header><identifier>oai:recercat.cat:20.500.12327/422</identifier><datestamp>2025-10-22T11:32:11Z</datestamp><setSpec>com_2072_4428</setSpec><setSpec>com_2072_4427</setSpec><setSpec>col_2072_487898</setSpec></header><metadata><record xmlns="http://www.loc.gov/MARC21/slim" xmlns:dcterms="http://purl.org/dc/terms/" xmlns:xsi="http://www.w3.org/2001/XMLSchema-instance" xmlns:doc="http://www.lyncode.com/xoai" xsi:schemaLocation="http://www.loc.gov/MARC21/slim http://www.loc.gov/standards/marcxml/schema/MARC21slim.xsd">
   <leader>00925njm 22002777a 4500</leader>
   <datafield ind2=" " ind1=" " tag="042">
      <subfield code="a">dc</subfield>
   </datafield>
   <datafield ind2=" " ind1=" " tag="720">
      <subfield code="a">Dalmau, Antoni</subfield>
      <subfield code="e">author</subfield>
   </datafield>
   <datafield ind2=" " ind1=" " tag="720">
      <subfield code="a">Areal, Bruno</subfield>
      <subfield code="e">author</subfield>
   </datafield>
   <datafield ind2=" " ind1=" " tag="720">
      <subfield code="a">Machado, Silvana</subfield>
      <subfield code="e">author</subfield>
   </datafield>
   <datafield ind2=" " ind1=" " tag="720">
      <subfield code="a">Pallisera, Joaquim</subfield>
      <subfield code="e">author</subfield>
   </datafield>
   <datafield ind2=" " ind1=" " tag="720">
      <subfield code="a">Velarde, Antonio</subfield>
      <subfield code="e">author</subfield>
   </datafield>
   <datafield ind2=" " ind1=" " tag="260">
      <subfield code="c">2018-03-15</subfield>
   </datafield>
   <datafield ind2=" " ind1=" " tag="520">
      <subfield code="a">The objective of this study was to investigate if female growing pigs spend similar amounts of time exploring a wooden stick as they do exploring enrichment material regardless of its proximity to the feeder. Forty-eight pigs aged 18 to 26 weeks allocated to 16 pens with three pigs per pen were studied. Fifty percent of the pens had a wooden stick beside the feeder, and the rest had a similar stick opposite to the feeder. Two observers assessed the pigs by means of scan and focal sampling. The pigs spent more time (p &lt; .0001) exploring the wood during the first week than during the rest of the study (10.9% vs 3.6%). The pigs with the wood close to the feeder spent less (p = .0001) time resting (29.9%) and more (p &lt; .0001) time exploring (6.3%) the wood than did pigs with the wood opposite to the feeder (32.4% and 2.5%, respectively). In conclusion, a wooden stick placed close to the feeder was associated with more exploratory behaviorcompared with a similar stick placed opposite to the feeder.</subfield>
   </datafield>
   <datafield ind1="8" ind2=" " tag="024">
      <subfield code="a">Antoni Dalmau, Bruno Areal, Silvana Machado, Joaquim Pallisera &amp; Antonio Velarde (2019). "Does the location of enrichment material affect behavior and dirtiness in growing female pigs?", Journal of Applied Animal Welfare Science, 22:2, 116-126, DOI: 10.1080/10888705.2018.1443816</subfield>
   </datafield>
   <datafield ind1="8" ind2=" " tag="024">
      <subfield code="a">1088-8705</subfield>
   </datafield>
   <datafield ind1="8" ind2=" " tag="024">
      <subfield code="a">http://hdl.handle.net/20.500.12327/422</subfield>
   </datafield>
   <datafield ind1="8" ind2=" " tag="024">
      <subfield code="a">https://doi.org/10.1080/10888705.2018.1443816</subfield>
   </datafield>
   <datafield ind2="0" ind1="0" tag="245">
      <subfield code="a">Does the location of enrichment material affect behavior and dirtiness in growing female pigs?</subfield>
   </datafield>
</record></metadata></record></GetRecord></OAI-PMH>